000 00600nam a22002417a 4500
003 UA-OsUOA
001 132644
007 ta
008 20180828b un ||||| |||| 00| 0 ukr d
100 _aВеснич Ї.
090 _a821.161.2
_bВ38
942 _cBK
040 _aUA-OsUOA
_bukr
_cUA-OsUOA
_dUA-OsUOA
245 _aДуша
_bроман
300 _a132 с.
955 _a3
041 _aukr
080 _a821.161.2
020 _a966-8910-34-6
260 _aК.
_bДуліби
_c2006
650 7 _a82 Література. Літературознавство
_2UDC
999 _c421202
_d421202